Igazi élmény

Elmentve itt :
Bibliográfiai részletek
Szerző: Rigó Barnabás
Dokumentumtípus: Cikk
Megjelent: 1980
Sorozat:Szegedi Egyetem 18 No. 7
Kulcsszavak:Egyetemi néptáncegyüttes, József Attila Tudományegyetem
Online Access:http://univ.bibl.u-szeged.hu/970
LEADER 00633nab a2200193 i 4500
001 univ970
005 20240719134921.0
008 180213s1980 hu o 000 hun d
022 |a 0230-791X 
040 |a SZTE UnivHistória Repozitórium  |b hun 
041 |a hun 
100 1 |a Rigó Barnabás 
245 1 0 |a Igazi élmény  |h [elektronikus dokumentum] /  |c  Rigó Barnabás 
260 |c 1980 
300 |a 3 
490 0 |a Szegedi Egyetem  |v 18 No. 7 
561 |a Egyetemi, hallgatói élet 
695 |a Egyetemi néptáncegyüttes, József Attila Tudományegyetem 
856 4 0 |u http://univ.bibl.u-szeged.hu/970/2/sze_1980_007_003.pdf  |z Dokumentum-elérés